Amended Consumer Bankruptcy Law in Poland

Objasnenie poľských právnych predpisov týkajúcich sa bankrotu spotrebiteľa. Analýza spôsobov odpustenia dlhu fyzickej osobe v rámci platobnej neschopnosti prostredníctvom bankrotu a spotrebiteľskej dohody. Právna povaha odpustenia spotrebiteľského dlhu. Platobná morálka dlžníka a jeho právny význam.

Salvato in:
Dettagli Bibliografici
Autore principale: Adamus, Rafał
Natura: Capitolo di libro
Lingua:inglese
Soggetti:
Tags: Aggiungi Tag
Nessun Tag, puoi essere il primo ad aggiungerne!!

MARC

LEADER 00000naa a2200000 4500
001 0264331
005 20200619092423.3
041 0 |a eng 
044 |a SK 
245 1 0 |a Amended Consumer Bankruptcy Law in Poland  |c Rafał Adamus 
520 |a Objasnenie poľských právnych predpisov týkajúcich sa bankrotu spotrebiteľa. Analýza spôsobov odpustenia dlhu fyzickej osobe v rámci platobnej neschopnosti prostredníctvom bankrotu a spotrebiteľskej dohody. Právna povaha odpustenia spotrebiteľského dlhu. Platobná morálka dlžníka a jeho právny význam. 
610 2 0 |a legislatíva 
610 2 0 |a novelizácia 
610 2 0 |a bankrot 
610 2 0 |a spotrebitelia 
610 2 0 |a morálka pracovná 
610 2 0 |a Poľsko 
100 1 |a Adamus, Rafał